000 01033nam a22001937a 4500
999 _c60484
_d60484
005 20230731165810.0
008 230731s2023ru xxu||||| |||| 00| 0 rus d
020 _a9789941488719
041 _arus
080 _a811.161.1(075.8) А-95
100 _aАхвледиани, Мераб
_96815
245 _aСОВРЕМЕННЫЙ РУССКИЙ ЯЗЫК :
_bФонетика. Орфоэпия. Графика. Орфография.Словообразование.Морфология. Учебник для студентов вузов /
_cМераб Ахвледиани, Ред. Марина Арошидзе
264 _aБатуми :
_bБатумский государственный университет Шота Руставели,
_c2023.
300 _a460 cтр:.
_b22 cм.
653 _aСОВРЕМЕННЫЙ РУССКИЙ ЯЗЫК
653 _aთანამედროვე რუსული ენა
700 _aАрошидзе, Марина
_eრედაქტორი
_919586
942 _2udc
_cBK